Statistics for Complete the Card - WWE SummerSlam 2002

Click here to take the quiz!

General Stats

  • This quiz has been taken 283 times
  • The average score is 15 of 18

Answer Stats

Answer% Correct
The Rock
98%
Triple H
98%
Brock Lesnar
97%
Shawn Michaels
95%
The Undertaker
92%
Chris Jericho
90%
Edge
90%
Christian
89%
Kurt Angle
88%
Chris Benoit
86%
Eddie Guerrero
83%
Rey Mysterio
83%
Rob Van Dam
81%
Booker T
79%
Test
76%
Lance Storm
74%
Ric Flair
74%
Goldust
72%

Score Distribution

Percentile by Number Answered

Percent of People with Each Score

Your Score History

You have not taken this quiz